000 00959nam a2200253 i 4500
001 bg
003 BPK
005 20220517140150.0
008 071113s1967 pl a |000 0 pol
015 _aPB 1967/3147
040 _aWA N
_cBPK
080 _a159.92
100 1 _aPrzetacznik-Gierowska, Maria
_d(1920-1995)
_eAutor
245 1 0 _aRozwój psychiczny dzieci i młodzieży /
_cMaria Przetacznikowa.
260 _aWarszawa :
_bPaństwowe Zakłady Wydawnictw Szkolnych,
_c1967.
300 _a228 s. :
_bil. ;
_c23 cm.
490 1 _aBiblioteka Nauczyciela. A, Ogólne Podstawy Wychowania
_v4.
504 _aBibliogr.
650 4 _aPsychologia rozwojowa
710 2 _aPaństwowe Zakłady Wydawnictw Szkolnych
_4pbl.
830 0 _aBiblioteka Nauczyciela.
_nA,
_pOgólne Podstawy Wychowania
_v4.
856 _uhttp://koha.tu.koszalin.pl/cgi-bin/koha/opac-detail.pl?biblionumber=30475
_yKatalog online BPK
942 _2UKD
_cKS
999 _c30475
_d30475